ბათუმის შოთა რუსთაველის სახელმწიფო უნივერსიტეტის ბიბლიოთეკა

ქართული პროზა წ.32.ლევან გოთუა:გმირთა ვარამი.წ.1-2 (ბიბ.ჩანაწერი № 43724)

000 -LEADER
fixed length control field 01076nam a2200241Ia 4500
001 - CONTROL NUMBER
control field 10465
003 - CONTROL NUMBER IDENTIFIER
control field GE_BSU
008 - FIXED-LENGTH DATA ELEMENTS--GENERAL INFORMATION
fixed length control field 181216s||||||||xx |||||||||||||| ||und||
020 ## - INTERNATIONAL STANDARD BOOK NUMBER
International Standard Book Number 9789992895269
040 ## - CATALOGING SOURCE
Transcribing agency GE_BSU
080 ## - UNIVERSAL DECIMAL CLASSIFICATION NUMBER
Universal Decimal Classification number 821.353.1–3 +821.353.1-311.6
100 ## - MAIN ENTRY--PERSONAL NAME
Personal name გოთუა,ლევან
245 ## - TITLE STATEMENT
Title ქართული პროზა წ.32.ლევან გოთუა:გმირთა ვარამი.წ.1-2
245 ## - TITLE STATEMENT
Statement of responsibility, etc. სარედ.კოლ.რ.თვარაძე და სხვ.შემდგ.რედ.ჯ.ღვინჯილია.ვ.ჯავახაძე.რედ.თეიმურაზ აბულაძე.მხატვ.დავით დუნდუა. თ. შარიფაშვილი
260 ## - PUBLICATION, DISTRIBUTION, ETC.
Place of publication, distribution, etc. თბილისი
260 ## - PUBLICATION, DISTRIBUTION, ETC.
Name of publisher, distributor, etc. საქართველო
260 ## - PUBLICATION, DISTRIBUTION, ETC.
Date of publication, distribution, etc. 1998
300 ## - PHYSICAL DESCRIPTION
Extent 832გვ.20სმ.
653 ## - INDEX TERM--UNCONTROLLED
Uncontrolled term ლევან გოთუა:გმირთა ვარამი
653 ## - INDEX TERM--UNCONTROLLED
Uncontrolled term ქართული პროზა
942 ## - ADDED ENTRY ELEMENTS (KOHA)
Koha item type წიგნი
ეგზემპლარები
Withdrawn status Lost status Damaged status Not for loan Date acquired Barcode Date last seen Price effective from Koha item type
        2018-12-17 34230 2018-12-17 2018-12-17 წიგნი
        2018-12-17 34231 2018-12-17 2018-12-17 წიგნი